[Event "Amager Klubmesterskab 2010"]
[Site "Sundbyoster"]
[Date "2010.03.23"]
[Round "4"]
[White "Johansen, Erik"]
[Black "Friis, Jordy"]
[Result "1-0"]
[WhiteElo "1508"]
[BlackElo "1586"]
[PlyCount "119"]
[EventDate "2010.??.??"]

1. e4 c5 2. Nf3 e6 3. d4 cxd4 4. Nxd4 a6 5. Bd3 Qc7 6. O-O Nf6 7. Qe2 Bc5 8.
Nb3 Ba7 9. N1d2 d6 10. Nf3 Nbd7 11. c4 O-O 12. Bd2 Nc5 13. Nxc5 Bxc5 14. Bc3
Qe7 15. e5 dxe5 16. Nxe5 Bd6 17. f4 Rd8 18. Rf3 Bb4 19. Rh3 h6 20. Ng4 Nxg4 21.
Qxg4 Bxc3 22. bxc3 e5 23. f5 a5 24. Qe4 Qf6 25. Re3 Re8 26. g4 Rb8 27. Rae1 Bd7
28. g5 hxg5 29. Rh3 Bc6 30. Qg4 Rbd8 31. Be4 Bxe4 32. Qxe4 Rd2 33. Qe3 Rxa2 34.
Rg3 Qxf5 35. Rxg5 Qc2 36. Qg3 g6 37. h4 Re6 38. Rf1 Qe4 39. Rg4 Qc6 40. h5 Qb6+
41. Kh1 Qc6+ 42. Kg1 Kg7 43. Qh4 Qc5+ 44. Kh1 Qe7 45. h6+ Kh7 46. Qh3 Rf6 47.
Rgg1 Rxf1 48. Rxf1 Rc2 49. Rd1 Qg5 50. Rf1 f5 51. Rd1 Rd2 52. Rb1 Qh5 53. Rxb7+
Kxh6 54. Qxh5+ Kxh5 55. c5 e4 56. c6 e3 57. Re7 e2 58. c7 e1=Q+ 59. Rxe1 Rd7
60. c8=Q 1-0

[Event "Amager Klubmesterskab 2010"]
[Site "Sundbyoster"]
[Date "2010.03.02"]
[Round "4"]
[White "Justesen, Martin"]
[Black "Brorsen, Jacob Abildlund"]
[Result "0-1"]
[WhiteElo "1573"]
[BlackElo "1991"]
[PlyCount "134"]
[EventDate "2010.??.??"]

1. d4 g6 2. e4 Bg7 3. Nc3 d6 4. Be3 a6 5. a4 Nc6 6. Bc4 Nf6 7. f3 O-O 8. Nge2
Re8 9. Qd2 e5 10. d5 Nb8 11. a5 Nbd7 12. O-O Rf8 13. Kh1 Nh5 14. g4 Nhf6 15.
Ng3 Ne8 16. Rg1 Kh8 17. Qg2 Qh4 18. Nge2 f5 19. g5 fxe4 20. fxe4 Nb8 21. Qg3
Qh3 22. Qxh3 Bxh3 23. Rg3 Bc8 24. Kg2 Nd7 25. Rf3 Rxf3 26. Kxf3 Bf8 27. Kg2 Be7
28. Rf1 Kg7 29. h4 b6 30. axb6 cxb6 31. Bd3 Bd8 32. Ra1 Bb7 33. Nd1 b5 34. b4
Rc8 35. Nf2 Nb6 36. Bxb6 Bxb6 37. Ng4 Rc7 38. Rf1 Rf7 39. Rxf7+ Kxf7 40. Kf3
Bc8 41. Nc1 Bd4 42. Ne2 Bb6 43. Nc1 Ke7 44. Ne3 Ng7 45. Nb3 Kd8 46. c4 Bxe3 47.
Kxe3 bxc4 48. Bxc4 Kc7 49. Na5 Nh5 50. Nc6 Nf4 51. Bf1 Kb6 52. Ne7 Bg4 53. Nc6
Bd7 54. Nb8 Bb5 55. Bxb5 Kxb5 56. Nc6 Ng2+ 57. Kf3 Ne1+ 58. Kg4 Nd3 59. h5 Nf4
60. hxg6 hxg6 61. Nb8 Nd3 62. Nc6 Kc4 63. Ne7 Nf4 64. Nc6 Kd3 65. Nxe5+ dxe5
66. d6 Kxe4 67. d7 Ne6 0-1

[Event "Amager Klubmesterskab 2010"]
[Site "Sundbyoster"]
[Date "2010.03.02"]
[Round "4"]
[White "Kokholm, Daniel"]
[Black "Varming, Thomas"]
[Result "1/2-1/2"]
[WhiteElo "1848"]
[BlackElo "1801"]
[PlyCount "70"]
[EventDate "2010.??.??"]

1. d4 d5 2. e4 c6 3. Nc3 dxe4 4. Bc4 Nf6 5. f3 exf3 6. Nxf3 Bf5 7. Ne5 e6 8.
O-O Bxc2 9. Nxf7 Bxd1 10. Nxd8 Kxd8 11. Rxd1 Bd6 12. Bg5 Kc7 13. Re1 Nbd7 14.
Rxe6 Rhe8 15. Rae1 Rxe6 16. Rxe6 h6 17. Bd2 Nb6 18. Bb3 Kd7 19. Re1 Re8 20. Bc2
Nc4 21. Rxe8 Kxe8 22. Bg6+ Ke7 23. Bc1 Ng4 24. h3 Nf6 25. Kf2 Nb6 26. Kf3 Nbd7
27. g4 Nf8 28. Bd3 Ne6 29. Be3 g5 30. Ne2 Nd5 31. Bd2 Ndf4 32. Bxf4 Bxf4 33.
Bf5 Bc7 34. Ke4 Kd6 35. b3 Bb6 1/2-1/2

[Event "Amager Klubmesterskab 2010"]
[Site "Sundbyoster"]
[Date "2010.03.02"]
[Round "4"]
[White "Nielsen, Bjorn"]
[Black "Gade, Jens"]
[Result "0-1"]
[WhiteElo "1000"]
[BlackElo "1520"]
[PlyCount "122"]
[EventDate "2010.??.??"]

1. e4 e5 2. Bc4 Nf6 3. Nc3 Be7 4. h3 O-O 5. Nf3 d6 6. O-O Nc6 7. d3 a6 8. Nd5
Nxd5 9. exd5 Na5 10. Bb3 Nxb3 11. axb3 f5 12. c4 f4 13. Re1 Bf5 14. d4 e4 15.
Bxf4 exf3 16. Qxf3 Qd7 17. Re3 Bxh3 18. Qg3 Bf5 19. Rae1 Bf6 20. Rd1 Rae8 21.
Bg5 Bxg5 22. Qxg5 Rxe3 23. Qxe3 Re8 24. Qc3 Qe7 25. b4 Qe2 26. Rf1 Bd3 27. Rc1
Rf8 28. f3 Re8 29. b3 Re3 30. Qa1 Bg6 31. c5 dxc5 32. bxc5 Rxb3 33. d6 cxd6 34.
cxd6 Qe6 35. Qa2 Bf7 36. Qc2 Qxd6 37. Qc8+ Qf8 38. Qd7 Be8 39. Qe6+ Qf7 40. Qe5
Rb5 41. Qb8 Kf8 42. Rd1 Rd5 43. Qc8 Qd7 44. Qc3 Qd8 45. Qe3 Bc6 46. Qf4+ Qf6
47. Qe3 Kf7 48. Qc3 Rg5 49. Rd2 h5 50. Rf2 h4 51. f4 Rg3 52. Qc4+ Qe6 53. Qf1
h3 54. f5 Qd5 55. Rf3 Qxd4+ 56. Rf2 hxg2 57. Qe1 Re3 58. Qb1 Re2 59. Qb3+ Bd5
60. Qg3 Re1+ 61. Kh2 Rh1# 0-1

[Event "Amager Klubmesterskab 2010"]
[Site "Sundbyoster"]
[Date "2010.03.02"]
[Round "4"]
[White "Nielsen, Jens Holm"]
[Black "Larsen, Kim"]
[Result "1-0"]
[WhiteElo "1754"]
[BlackElo "1571"]
[PlyCount "63"]
[EventDate "2010.??.??"]

1. f4 c5 2. Nf3 Nc6 3. e3 d5 4. Bb5 g6 5. Bxc6+ bxc6 6. O-O Bg4 7. h3 Bxf3 8.
Qxf3 Bg7 9. c3 e6 10. d3 Rb8 11. Nd2 Ne7 12. e4 d4 13. c4 f5 14. Nb3 O-O 15.
Nxc5 Qc8 16. e5 h5 17. b3 Kf7 18. Bb2 Rd8 19. Qf2 Bf8 20. Bxd4 Ng8 21. Rfd1 a5
22. Be3 Bxc5 23. Bxc5 Qa6 24. Bd6 Rb7 25. d4 Rbd7 26. d5 cxd5 27. cxd5 exd5 28.
Rxd5 Ke6 29. Rad1 Ne7 30. R5d2 Nc8 31. Qh4 Rxd6 32. Qf6+ 1-0

[Event "Amager Klubmesterskab 2010"]
[Site "Sundbyoster"]
[Date "2010.03.02"]
[Round "4"]
[White "Nielsen, John Holm"]
[Black "Madsen, Poul Henrik"]
[Result "0-1"]
[WhiteElo "2017"]
[BlackElo "2030"]
[PlyCount "56"]
[EventDate "2010.??.??"]

1. Nc3 d5 2. e4 d4 3. Nce2 c5 4. Ng3 Nc6 5. Nf3 h5 6. Bc4 h4 7. Ne2 h3 8. g3
Nf6 9. d3 b5 10. Bb3 Bg4 11. Nd2 Ne5 12. f4 Nf3+ 13. Kf2 Nxd2 14. Bxd2 c4 15.
e5 Qd5 16. Qf1 cxb3 17. exf6 bxc2 18. fxg7 Bxg7 19. Ke1 Rc8 20. Rg1 f5 21. Bb4
e5 22. fxe5 Qxe5 23. Bd2 Rh6 24. Bf4 Qe7 25. Kf2 Re6 26. Re1 Qb7 27. Rh1 Qf3+
28. Kg1 Rxe2 0-1

[Event "Amager Klubmesterskab 2010"]
[Site "Sundbyoster"]
[Date "2010.03.02"]
[Round "4"]
[White "Sorensen, Johnny"]
[Black "Larsen, Ulrik Jejlskov"]
[Result "1/2-1/2"]
[WhiteElo "1275"]
[BlackElo "1568"]
[PlyCount "86"]
[EventDate "2010.??.??"]

1. d4 Nf6 2. c4 c5 3. d5 b5 4. Nc3 bxc4 5. e4 d6 6. Bxc4 Nbd7 7. Nf3 g6 8. Bf4
Bg7 9. O-O Rb8 10. Qe2 Qb6 11. b3 Ng4 12. Rac1 O-O 13. h3 Nge5 14. Nxe5 Nxe5
15. Na4 Qa5 16. Bd2 Qc7 17. Bc3 Bd7 18. Nb2 Nxc4 19. Bxg7 Kxg7 20. bxc4 Qa5 21.
Nd3 e5 22. f4 exf4 23. Rxf4 Rbe8 24. Qb2+ Kg8 25. Rcf1 Qc7 26. Ne1 Re7 27. h4
Rfe8 28. Qf2 Bc8 29. Qe3 Ba6 30. Qe2 f5 31. h5 Rxe4 32. Qd2 Bxc4 33. Rxe4 fxe4
34. Rf6 e3 35. Qc3 Bxd5 36. hxg6 Qg7 37. gxh7+ Kxh7 38. Qd3+ Kh8 39. Rxd6 Bxg2
40. Nxg2 Qa1+ 41. Kh2 Qe5+ 42. Kg1 Qa1+ 43. Kh2 Qe5+ 1/2-1/2

[Event "Amager Klubmesterskab 2010"]
[Site "Sundbyoster"]
[Date "2010.03.02"]
[Round "4"]
[White "Svensson, John Michael"]
[Black "Lunding, Peter M"]
[Result "0-1"]
[WhiteElo "1510"]
[BlackElo "1875"]
[PlyCount "48"]
[EventDate "2010.??.??"]

1. d4 d5 2. Nf3 Nf6 3. Nc3 Bg4 4. h3 Bh5 5. Bf4 c6 6. g4 Bg6 7. Ne5 Ne4 8. Nxg6
Nxc3 9. bxc3 hxg6 10. c4 dxc4 11. e4 e6 12. c3 Bd6 13. e5 Ba3 14. Bxc4 Bb2 15.
Bd2 Bxa1 16. Qxa1 Nd7 17. Qb1 Qb6 18. Qc2 O-O-O 19. Ke2 Qc7 20. f4 Nb6 21. Bd3
c5 22. Qb2 Qc6 23. Rh2 c4 24. Bc2 Rxh3 0-1

[Event "Amager Klubmesterskab 2010"]
[Site "Sundbyoster"]
[Date "2010.03.09"]
[Round "5"]
[White "Gade, Jens"]
[Black "Friis, Jordy"]
[Result "1-0"]
[WhiteElo "1520"]
[BlackElo "1586"]
[PlyCount "193"]
[EventDate "2010.??.??"]

1. f4 Nf6 2. Nf3 h5 3. e3 d5 4. Be2 h4 5. O-O h3 6. g3 Nc6 7. b3 Bf5 8. Bb2 e6
9. Nd4 Nxd4 10. Bxd4 a6 11. d3 c5 12. Bb2 Be7 13. Nd2 Qd6 14. Be5 Qc6 15. Bf3
Bd6 16. Bb2 Rg8 17. Nc4 Qc7 18. Nxd6+ Qxd6 19. Qe2 O-O-O 20. e4 dxe4 21. dxe4
Bg4 22. Bxg4 Qd2 23. Rf2 Qxe2 24. Bxe2 Nxe4 25. Bd3 Nxf2 26. Kxf2 b5 27. Ke3
Rd7 28. Rf1 f6 29. a4 Rgd8 30. Rf2 c4 31. bxc4 bxa4 32. c5 Kb7 33. Be4+ Kc7 34.
Bc3 Kc8 35. Bd3 Kb8 36. Ba5 Rc8 37. Bb6 a3 38. Rf1 Rd5 39. Ra1 e5 40. Rxa3
exf4+ 41. gxf4 g5 42. Bxa6 Re8+ 43. Kf3 Rd2 44. Bb5 Re6 45. Ba7+ Kc7 46. Bb6+
Rxb6 47. cxb6+ Kxb6 48. Rb3 Kc5 49. fxg5 fxg5 50. c4 Rxh2 51. Kg3 Rd2 52. Kxh3
Rd4 53. Kg3 g4 54. Ba6 Rd6 55. Bb5 Rd4 56. Kh4 Rf4 57. Rg3 Rf1 58. Rxg4 Rc1 59.
Kg5 Rd1 60. Kf5 Re1 61. Re4 Rf1+ 62. Ke6 Rd1 63. Re5+ Kb6 64. Ke7 Rd4 65. Rd5
Re4+ 66. Kd7 Rh4 67. Rd6+ Kc5 68. Kc7 Rh7+ 69. Rd7 Rh6 70. Rd5+ Kb4 71. Rd6 Rh5
72. Kb6 Rg5 73. Rc6 Rh5 74. Rd6 Rg5 75. Rc6 Rh5 76. Rd6 Rg5 77. Rd4 Rg6+ 78.
Bc6 Rg5 79. Bd5 Rg6+ 80. Kc7 Kc5 81. Re4 Rg7+ 82. Kd8 Rh7 83. Re6 Rh8+ 84. Kd7
Rh7+ 85. Re7 Rh6 86. Kc7 Rg6 87. Re6 Rg7+ 88. Kd8 Rg8+ 89. Ke7 Rg7+ 90. Kf6 Rg1
91. Rc6+ Kd4 92. Ke6 Rg6+ 93. Kd7 Rg7+ 94. Kc8 Rh7 95. Rd6 Rh8+ 96. Rd8 Rh7 97.
Bg8+ 1-0

[Event "Amager Klubmesterskab 2010"]
[Site "Sundbyoster"]
[Date "2010.03.09"]
[Round "5"]
[White "Hansen, Benny"]
[Black "Justesen, Martin"]
[Result "0-1"]
[WhiteElo "1290"]
[BlackElo "1573"]
[PlyCount "67"]
[EventDate "2010.??.??"]

1. e4 c5 2. Nf3 d6 3. d4 cxd4 4. Nxd4 Nf6 5. Nc3 a6 6. Be2 e5 7. Nb3 Be6 8. Be3
Be7 9. Qd3 b5 10. f4 Bc4 11. Qd2 Nc6 12. Bxc4 bxc4 13. Nc1 Qc8 14. f5 Qb7 15.
N1e2 Na7 16. Ng3 Nb5 17. O-O Nxc3 18. Qxc3 Nxe4 19. Qxc4 Nxg3 20. hxg3 Rc8 21.
Qd3 O-O 22. c3 Qxb2 23. Rfb1 Qxc3 24. Qxc3 Rxc3 25. Rb3 Rxb3 26. axb3 Ra8 27.
Bb6 g6 28. fxg6 hxg6 29. Ra5 f5 30. Kf2 Kf7 31. Kf3 Rc8 32. Rxa6 Rc3+ 33. Be3
Bg5 34. Rxd6 0-1

[Event "Amager Klubmesterskab 2010"]
[Site "Sundbyoster"]
[Date "2010.03.09"]
[Round "5"]
[White "Herup, Charni"]
[Black "Nielsen, Jens Holm"]
[Result "0-1"]
[WhiteElo "1369"]
[BlackElo "1754"]
[PlyCount "92"]
[EventDate "2010.??.??"]

1. d4 d6 2. e4 Nf6 3. Nc3 g6 4. f3 Bg7 5. Be3 c6 6. Qd2 Qc7 7. Bh6 O-O 8. h4 e5
9. dxe5 dxe5 10. h5 Be6 11. hxg6 fxg6 12. Bxg7 Kxg7 13. Qh6+ Kg8 14. Nh3 Qg7
15. Qxg7+ Kxg7 16. O-O-O Bxh3 17. Rxh3 Nbd7 18. g4 Nc5 19. Be2 Ne6 20. Rdh1 Nf4
21. R3h2 h5 22. Bd1 hxg4 23. fxg4 Rh8 24. Rxh8 Rxh8 25. Rxh8 Kxh8 26. Bf3 Kg7
27. Kd2 Kh6 28. Nd1 Kg5 29. Nf2 Kh4 30. Ke3 Nh7 31. b4 Ng5 32. Nd3 Nxd3 33.
cxd3 Kg3 34. Bd1 Ne6 35. a3 Nd4 36. Kd2 Kf4 37. a4 b5 38. Kc3 Ke3 39. g5 Kf4
40. axb5 cxb5 41. Bb3 Nxb3 42. Kxb3 Kxg5 43. Kc3 Kf6 44. d4 exd4+ 45. Kxd4 Ke6
46. e5 g5 0-1

[Event "Amager Klubmesterskab 2010"]
[Site "Sundbyoster"]
[Date "2010.03.09"]
[Round "5"]
[White "Jensen, Thore Nyboe"]
[Black "Madsen, Poul Henrik"]
[Result "0-1"]
[WhiteElo "2039"]
[BlackElo "2030"]
[PlyCount "78"]
[EventDate "2010.??.??"]

1. e4 d6 2. d4 Nf6 3. Nc3 g6 4. f4 Bg7 5. Nf3 O-O 6. Bc4 Bg4 7. h3 Bxf3 8. Qxf3
Nc6 9. d5 Nb4 10. Bb3 c5 11. O-O Nd7 12. a3 Na6 13. Bd2 Rc8 14. Bc4 Nc7 15. a4
e6 16. a5 exd5 17. exd5 b5 18. axb6 axb6 19. Ra2 f5 20. Nb5 Nxb5 21. Bxb5 Nf6
22. Bc3 Ra8 23. Rxa8 Qxa8 24. Bc6 Qa7 25. b3 Ne4 26. Ra1 Qc7 27. Bxg7 Qxg7 28.
Ra6 Qd4+ 29. Kh2 h5 30. Rxb6 h4 31. Qe2 Qc3 32. Ra6 Qg3+ 33. Kg1 Qxf4 34. Ra1
Qe5 35. Rd1 Rf7 36. Re1 Ra7 37. Ba4 Qxd5 38. Rd1 Qe5 39. Qb5 Re7 0-1

[Event "Amager Klubmesterskab 2010"]
[Site "Sundbyoster"]
[Date "2010.03.09"]
[Round "5"]
[White "Lunding, Peter M"]
[Black "Kokholm, Daniel"]
[Result "1/2-1/2"]
[WhiteElo "1875"]
[BlackElo "1848"]
[PlyCount "20"]
[EventDate "2010.??.??"]

1. d4 d5 2. Nf3 Nc6 3. Bf4 Bg4 4. Nbd2 e6 5. h3 Bxf3 6. Nxf3 Bd6 7. e3 Nge7 8.
Bd3 f5 9. c3 O-O 10. g3 h6 1/2-1/2

[Event "Amager Klubmesterskab 2010"]
[Site "Sundbyoster"]
[Date "2010.03.09"]
[Round "5"]
[White "Nielsen, John Holm"]
[Black "Brorsen, Jacob Abildlund"]
[Result "1-0"]
[WhiteElo "2017"]
[BlackElo "1991"]
[PlyCount "61"]
[EventDate "2010.??.??"]

1. Nc3 d5 2. e4 d4 3. Nce2 c5 4. Ng3 Nc6 5. Nf3 h5 6. h3 h4 7. Ne2 Qd6 8. d3 e5
9. Bg5 Be7 10. Qd2 Bd7 11. O-O-O b5 12. Bxe7 Ngxe7 13. Qg5 Ng6 14. g3 hxg3 15.
fxg3 c4 16. c3 Rc8 17. Kb1 cxd3 18. Rxd3 Be6 19. Rd2 Qc5 20. cxd4 Qb4 21. Qe3
exd4 22. Nexd4 Nxd4 23. Nxd4 Bc4 24. Bxc4 Rxc4 25. Rhd1 O-O 26. e5 Re8 27. e6
fxe6 28. Qg5 Nf8 29. h4 e5 30. Nf5 Rg4 31. Nh6+ 1-0

[Event "Amager Klubmesterskab 2010"]
[Site "Sundbyoster"]
[Date "2010.03.09"]
[Round "5"]
[White "Sorensen, Johnny"]
[Black "Johansen, Erik"]
[Result "0-1"]
[WhiteElo "1275"]
[BlackElo "1508"]
[PlyCount "52"]
[EventDate "2010.??.??"]

1. d4 Nf6 2. c4 e6 3. Nc3 b6 4. Nf3 Bb7 5. e3 Bb4 6. Bd2 O-O 7. Bd3 d6 8. O-O
Nbd7 9. Re1 e5 10. a3 Bxc3 11. dxe5 Bxe5 12. Nxe5 Nxe5 13. Be2 Ne4 14. Bc1 f5
15. f3 Nc5 16. Rf1 Rf6 17. e4 f4 18. b4 Ne6 19. Bb2 Qe8 20. Bc3 Rg6 21. Rf2 Ng5
22. Kh1 h5 23. h4 Ne6 24. Be1 Qe7 25. Rf1 Rg3 26. Bxg3 fxg3 0-1

[Event "Amager Klubmesterskab 2010"]
[Site "Sundbyoster"]
[Date "2010.03.09"]
[Round "5"]
[White "Svensson, John Michael"]
[Black "Larsen, Kim"]
[Result "0-1"]
[WhiteElo "1510"]
[BlackElo "1571"]
[PlyCount "46"]
[EventDate "2010.??.??"]

1. d4 d5 2. c4 c6 3. Nf3 Nf6 4. Nc3 dxc4 5. e4 e6 6. Bxc4 Be7 7. O-O b5 8. Bb3
Bb7 9. Bc2 O-O 10. Qd3 g6 11. Bh6 Re8 12. Ne5 Nbd7 13. Qf3 c5 14. Rad1 b4 15.
Ne2 cxd4 16. Rxd4 Nxe5 17. Qg3 Qb8 18. Rfd1 Nc6 19. Qxb8 Raxb8 20. Rc4 Na5 21.
Rcd4 e5 22. R4d2 Nxe4 23. Rd7 Nc5 0-1

[Event "Amager Klubmesterskab 2010"]
[Site "Sundbyoster"]
[Date "2010.03.09"]
[Round "5"]
[White "Varming, Thomas"]
[Black "Nielsen, Mogens Bach"]
[Result "1/2-1/2"]
[WhiteElo "1801"]
[BlackElo "1727"]
[PlyCount "35"]
[EventDate "2010.??.??"]

1. d4 d5 2. c4 e6 3. Nc3 Nf6 4. Bg5 Nbd7 5. Nf3 c6 6. e3 Qa5 7. Nd2 Bb4 8. Qc2
O-O 9. Bxf6 Nxf6 10. Bd3 c5 11. Nb3 Qc7 12. dxc5 dxc4 13. Bxc4 Bxc5 14. Nxc5
Qxc5 15. Qb3 Bd7 16. Bb5 Rfd8 17. O-O Qb6 18. Rfd1 1/2-1/2

[Event "Amager Klubmesterskab 2010"]
[Site "Sundbyoster"]
[Date "2010.03.16"]
[Round "6"]
[White "Gade, Jens"]
[Black "Herup, Charni"]
[Result "0-1"]
[WhiteElo "1520"]
[BlackElo "1369"]
[PlyCount "98"]
[EventDate "2010.??.??"]

1. f4 Nc6 2. Nf3 d5 3. e3 Bg4 4. Be2 e6 5. O-O Bd6 6. b3 Qf6 7. c3 Bf5 8. Bb2
Nb4 9. d3 Nc6 10. Qd2 Qe7 11. c4 Nf6 12. Nc3 dxc4 13. bxc4 a6 14. e4 Bg4 15.
Kh1 Bxf3 16. Bxf3 Bb4 17. e5 Nd7 18. a3 Ba5 19. Qd1 Bxc3 20. Bxc3 Qc5 21. Bxc6
Qxc6 22. f5 exf5 23. Rxf5 O-O-O 24. Qf1 Rhf8 25. Bb4 Rfe8 26. d4 f6 27. d5 Qb6
28. e6 Ne5 29. Rb1 Qd4 30. Rf4 Qd3 31. Qxd3 Nxd3 32. Rd4 Nxb4 33. axb4 Rxe6 34.
Rbd1 Re5 35. c5 Rde8 36. h3 f5 37. c6 bxc6 38. dxc6 Re1+ 39. Rxe1 Rxe1+ 40. Kh2
Rc1 41. Rd7 g6 42. Rxh7 Rxc6 43. Rh4 Kb7 44. Rf4 Kb6 45. Kg3 Kb5 46. Kh4 Rc4
47. Rxc4 Kxc4 48. Kg5 Kxb4 49. Kxg6 a5 0-1

[Event "Amager Klubmesterskab 2010"]
[Site "Sundbyoster"]
[Date "2010.03.23"]
[Round "6"]
[White "Hansen, Benny"]
[Black "Svensson, John Michael"]
[Result "1/2-1/2"]
[WhiteElo "1290"]
[BlackElo "1510"]
[PlyCount "111"]
[EventDate "2010.??.??"]

1. e4 d5 2. exd5 Qxd5 3. Nc3 Qa5 4. Bc4 Nf6 5. d3 Bg4 6. f3 Bd7 7. Be3 e6 8. a3
Bd6 9. Nge2 Qh5 10. Nf4 Qg5 11. Qd2 Qa5 12. O-O c6 13. Rfe1 Qc7 14. Ne4 Be7 15.
Nxf6+ Bxf6 16. Nh5 Qe5 17. Nxf6+ Qxf6 18. Qb4 b5 19. Ba2 a5 20. Qd6 Qe7 21. Qe5
Na6 22. Re2 O-O-O 23. c4 f6 24. Qe4 b4 25. Bb6 Rde8 26. axb4 Qxb4 27. Qd4 e5
28. Qe3 c5 29. Ba7 Kb7 30. Bxc5 Nxc5 31. Rc2 Bf5 32. Rc3 Rd8 33. Bb1 Rd4 34.
Rca3 Ra8 35. h3 Kb6 36. Bc2 Bd7 37. f4 Rxf4 38. Bd1 Rd4 39. Bf3 Ra7 40. Rc3 Bf5
41. Raa3 Rad7 42. Bd1 Bxd3 43. Rcb3 Qxb3 44. Bxb3 Re4 45. Qd2 Nb7 46. Qf2+ Rdd4
47. Bc2 Rf4 48. Qd2 Bxc4 49. Bd3 g5 50. Qe3 Bd5 51. Ra4 Nc5 52. Rxd4 Rxd4 53.
Bc2 h5 54. Qf2 Rf4 55. Qd2 g4 56. Qxd5 1/2-1/2

[Event "Amager Klubmesterskab 2010"]
[Site "Sundbyoster"]
[Date "2010.03.16"]
[Round "6"]
[White "Jensen, Thore Nyboe"]
[Black "Nielsen, John Holm"]
[Result "0-1"]
[WhiteElo "2039"]
[BlackElo "2017"]
[PlyCount "94"]
[EventDate "2010.??.??"]

1. e4 c6 2. d4 d5 3. exd5 cxd5 4. c4 Nf6 5. Nc3 e6 6. Nf3 Nc6 7. a3 Be7 8. c5
O-O 9. Bd3 Ne8 10. O-O f5 11. Bb5 Bf6 12. Bf4 g5 13. Bxc6 bxc6 14. Be5 g4 15.
Bxf6 Nxf6 16. Ne5 Qc7 17. Re1 Nd7 18. Nd3 Rf6 19. Qd2 Nf8 20. b4 Rb8 21. a4 a6
22. Rab1 Bd7 23. Qg5+ Rg6 24. Qe3 Rg7 25. Nf4 Re8 26. b5 axb5 27. axb5 cxb5 28.
Nxb5 Bxb5 29. Rxb5 Qd7 30. Nh5 Qxb5 31. Nf6+ Kh8 32. Nxe8 Qxe8 33. Qe5 Kg8 34.
Qxd5 Rd7 35. Qc4 Qd8 36. c6 Rc7 37. Re5 Kg7 38. g3 Qd6 39. Rc5 Ng6 40. d5 Ne5
41. Qc3 Kg6 42. dxe6 Nf3+ 43. Kg2 Qxe6 44. h3 h5 45. Qa5 Qe1 46. Qxe1 Nxe1+ 47.
Kf1 gxh3 0-1

[Event "Amager Klubmesterskab 2010"]
[Site "Sundbyoster"]
[Date "2010.03.16"]
[Round "6"]
[White "Johansen, Erik"]
[Black "Lunding, Peter M"]
[Result "0-1"]
[WhiteElo "1508"]
[BlackElo "1875"]
[PlyCount "50"]
[EventDate "2010.??.??"]

1. e4 e6 2. Nf3 d5 3. exd5 exd5 4. d4 Bd6 5. Bg5 f6 6. Be3 Ne7 7. Bd3 Nbc6 8.
a3 Bg4 9. h3 Bf5 10. Nc3 Qd7 11. Nb5 O-O-O 12. Nxd6+ Qxd6 13. Qd2 Rhe8 14. Bb5
Be4 15. O-O-O Nf5 16. Bf4 Qd7 17. Qc3 Re6 18. Rhg1 a6 19. Ba4 g5 20. Bh2 Qe7
21. Qc5 Qxc5 22. dxc5 Bxf3 23. gxf3 Ncd4 24. Rg4 Nxf3 25. Bg3 h5 0-1

[Event "Amager Klubmesterskab 2010"]
[Site "Sundbyoster"]
[Date "2010.03.16"]
[Round "6"]
[White "Larsen, Kim"]
[Black "Justesen, Martin"]
[Result "1-0"]
[WhiteElo "1571"]
[BlackElo "1573"]
[PlyCount "109"]
[EventDate "2010.??.??"]

1. c4 Nf6 2. Nc3 e5 3. d3 d5 4. cxd5 Nxd5 5. g3 c6 6. Bg2 Bc5 7. Qb3 Nf6 8. Nf3
Qe7 9. Bg5 h6 10. Bxf6 gxf6 11. Nh4 Be6 12. Qc2 Nd7 13. Be4 Rg8 14. Nf5 Bxf5
15. Bxf5 Bb6 16. Qd2 Rh8 17. f3 Nf8 18. Ne4 Ne6 19. g4 Nd4 20. Rc1 Nxf5 21.
gxf5 O-O-O 22. Rc3 Ba5 23. Rxc6+ bxc6 24. Qxa5 Rd5 25. Qa6+ Qb7 26. Qc4 Qb5 27.
Nxf6 Qxc4 28. dxc4 Rd4 29. b3 Rf4 30. Ne4 Kc7 31. Ng3 Rd4 32. Ne4 Rhd8 33. Kf2
Rd1 34. Re1 Rxe1 35. Kxe1 a5 36. Nf6 Kd6 37. Ne4+ Ke7 38. e3 a4 39. Ke2 axb3
40. axb3 Ra8 41. Nd2 Kf6 42. Kd3 Rd8+ 43. Kc3 Kxf5 44. b4 Rg8 45. b5 c5 46. Ne4
Rg2 47. Nxc5 Rxh2 48. b6 Rg2 49. b7 Rg8 50. Na6 h5 51. c5 h4 52. c6 h3 53. c7
h2 54. c8=Q+ Rxc8+ 55. bxc8=Q+ 1-0

[Event "Amager Klubmesterskab 2010"]
[Site "Sundbyoster"]
[Date "2010.03.16"]
[Round "6"]
[White "Larsen, Ulrik Jejlskov"]
[Black "Friis, Jordy"]
[Result "1/2-1/2"]
[WhiteElo "1568"]
[BlackElo "1586"]
[PlyCount "155"]
[EventDate "2010.??.??"]

1. d4 d5 2. e3 Bf5 3. Nf3 Nf6 4. c4 c6 5. Nc3 e6 6. Qb3 Qb6 7. c5 Qxb3 8. axb3
Nbd7 9. Bd2 Be7 10. b4 Ne4 11. b5 O-O 12. Be2 Bf6 13. O-O e5 14. Nxe4 Bxe4 15.
Bc3 exd4 16. Bxd4 Rfe8 17. Bxf6 Nxf6 18. Nd4 Rec8 19. b4 h5 20. Ra3 cxb5 21.
Nxb5 a6 22. Rfa1 Rab8 23. Nd6 Rc7 24. Rc3 Rd8 25. Rac1 h4 26. Nxe4 dxe4 27. g3
Rd2 28. Bf1 Ng4 29. R3c2 Rxc2 30. Rxc2 hxg3 31. hxg3 Nf6 32. Bg2 Rd7 33. Kf1
Kf8 34. Rc4 Re7 35. c6 bxc6 36. Rxc6 Rb7 37. Rc4 Re7 38. Rc8+ Re8 39. Rxe8+
Kxe8 40. Ke1 Kd7 41. Kd2 Kc6 42. Kc3 Kb5 43. Bf1+ Kb6 44. Bc4 Ng4 45. Bxf7 Nxf2
46. Bd5 Kb5 47. Bc4+ Kb6 48. Kd4 Nh1 49. g4 Nf2 50. g5 Nh3 51. g6 Ng5 52. Ke5
a5 53. bxa5+ Kxa5 54. Kf5 Nf3 55. Kxe4 Nh4 56. Bf7 Kb6 57. Kd5 Kc7 58. Ke6 Kd8
59. e4 Nf3 60. e5 Nd4+ 61. Kd5 Nf5 62. Kc5 Ke7 63. Bb3 Nh4 64. Bc2 Ke6 65. Kd4
Nf3+ 66. Ke3 Nxe5 67. Kf4 Kf6 68. Kg3 Nxg6 69. Kg4 Ne5+ 70. Kf4 g5+ 71. Kg3 Nc4
72. Bd1 Ne3 73. Be2 Ke5 74. Bh5 Kf5 75. Kf3 Nd5 76. Kg3 Nf6 77. Bd1 g4 78.
Bxg4+ 1/2-1/2

[Event "Amager Klubmesterskab 2010"]
[Site "Sundbyoster"]
[Date "2010.03.16"]
[Round "6"]
[White "Madsen, Poul Henrik"]
[Black "Nielsen, Jens Holm"]
[Result "1-0"]
[WhiteElo "2030"]
[BlackElo "1754"]
[PlyCount "131"]
[EventDate "2010.??.??"]

1. d4 d6 2. Nf3 g6 3. Bf4 Bg7 4. e3 Nf6 5. h3 c6 6. Be2 Nbd7 7. O-O O-O 8. c4
Re8 9. Nc3 e5 10. dxe5 dxe5 11. Nxe5 Nxe5 12. Qxd8 Nf3+ 13. Bxf3 Rxd8 14. Bc7
Rd2 15. Rfd1 Rxd1+ 16. Nxd1 Be6 17. Rc1 Ne8 18. Ba5 Nd6 19. b3 Re8 20. Bc3 Bxc3
21. Nxc3 Kf8 22. Rd1 Ke7 23. g4 f6 24. Ne4 Nxe4 25. Bxe4 f5 26. gxf5 gxf5 27.
Bg2 Kf6 28. f4 Bc8 29. Rd6+ Be6 30. Kf2 Ke7 31. c5 Rd8 32. Rxd8 Kxd8 33. Kg3
Ke7 34. Kh4 Kf6 35. Kh5 Kg7 36. Bf1 h6 37. Bc4 Bd7 38. b4 Be8+ 39. Kh4 Kf6 40.
Kg3 Bd7 41. Kf2 Bc8 42. a4 a6 43. Ke1 Bd7 44. Kd2 Be8 45. Kc3 Bd7 46. Kd4 Be8
47. Be2 Bf7 48. Bf3 Bb3 49. b5 axb5 50. axb5 Ba4 51. Bxc6 Ke7 52. Bxb7 Bxb5 53.
Ke5 Kd8 54. Kxf5 Bd7+ 55. Kg6 Bxh3 56. Kxh6 Kc7 57. Bd5 Kd8 58. Kg6 Ke7 59. f5
Bf1 60. Kg7 Bd3 61. f6+ Kd7 62. f7 Be4 63. f8=Q Bxd5 64. Qd6+ Ke8 65. Kf6 Be6
66. Qe7# 1-0

[Event "Amager Klubmesterskab 2010"]
[Site "Sundbyoster"]
[Date "2010.03.16"]
[Round "6"]
[White "Nielsen, Bjorn"]
[Black "Sorensen, Johnny"]
[Result "1-0"]
[WhiteElo "1000"]
[BlackElo "1275"]
[PlyCount "53"]
[EventDate "2010.??.??"]

1. d4 Nf6 2. c4 g6 3. Nf3 d6 4. Nc3 Bg7 5. d5 O-O 6. e3 c6 7. Be2 e6 8. e4 Nbd7
9. O-O cxd5 10. exd5 b6 11. Re1 e5 12. Bf1 Bb7 13. Ne4 Nxe4 14. Rxe4 Nc5 15.
Re1 Bc8 16. Be3 e4 17. Nd4 f5 18. Qd2 Qf6 19. Rab1 f4 20. Nc6 fxe3 21. Qxe3 Bh6
22. Qxh6 Qxf2+ 23. Kh1 Nd3 24. Bxd3 exd3 25. Ne7+ Kf7 26. Qxh7+ Ke8 27. Nc6+
1-0

[Event "Amager Klubmesterskab 2010"]
[Site "Sundbyoster"]
[Date "2010.03.16"]
[Round "6"]
[White "Nielsen, Mogens Bach"]
[Black "Kokholm, Daniel"]
[Result "1-0"]
[WhiteElo "1727"]
[BlackElo "1848"]
[PlyCount "75"]
[EventDate "2010.??.??"]

1. c4 Nf6 2. Nc3 e5 3. Nf3 Nc6 4. e3 Be7 5. d4 d6 6. d5 Nb8 7. e4 O-O 8. Be2
Ne8 9. h3 f5 10. exf5 Bxf5 11. Bd3 Qd7 12. Ne4 Nf6 13. Qe2 Bxe4 14. Bxe4 Nxe4
15. Qxe4 Qf5 16. Qxf5 Rxf5 17. Be3 c6 18. O-O-O c5 19. Nd2 Na6 20. Ne4 Nc7 21.
Nxc5 dxc5 22. d6 Ne6 23. dxe7 Nd4 24. f4 Re8 25. fxe5 Ne2+ 26. Kd2 Ng3 27. Rhe1
b6 28. Kc2 Rxe7 29. Bg1 Kf8 30. Bh2 Rf2+ 31. Rd2 Rxd2+ 32. Kxd2 Nf5 33. Rf1 Rf7
34. e6 Rf6 35. Be5 Ng3 36. Rxf6+ gxf6 37. Bxg3 Ke7 38. Bb8 1-0